El recurso de la cultura: Usos de la Cultura en la era Global (Record no. 443)

MARC details
000 -LEADER
campo de control de longitud fija 00468nam a22001457a 4500
008 - DATOS DE LONGITUD FIJA--INFORMACIÓN GENERAL
campo de control de longitud fija 150311b xxu||||| |||| 00| 0 eng d
020 ## - NÚMERO INTERNACIONAL ESTÁNDAR DEL LIBRO
Número Internacional Estándar del Libro 9590607861
082 ## - NÚMERO DE LA CLASIFICACIÓN DECIMAL DEWEY
Número de clasificación 306
Número de ítem Y94r
100 ## - ENTRADA PRINCIPAL--NOMBRE DE PERSONA
Nombre de persona Yudice, George
9 (RLIN) 2139
245 ## - MENCIÓN DEL TÍTULO
Título El recurso de la cultura: Usos de la Cultura en la era Global
260 ## - PUBLICACIÓN, DISTRIBUCIÓN, ETC.
Lugar de publicación, distribución, etc. Barcelona
Nombre del editor, distribuidor, etc. Gedisa
Fecha de publicación, distribución, etc. 2006
300 ## - DESCRIPCIÓN FÍSICA
Extensión 485 p
Otras características físicas ill
Dimensiones 23 cm
650 ## - PUNTO DE ACCESO ADICIONAL DE MATERIA--TÉRMINO DE MATERIA
Subdivisión general Cultural
-- Cultural Politics
-- Globalization
-- Consumo (economia)
9 (RLIN) 2140
700 ## - ENTRADA AGREGADA--NOMBRE PERSONAL
Nombre de persona George Yúdice
9 (RLIN) 2141
Holdings
Estatus retirado Estado de pérdida Fuente del sistema de clasificación o colocación Estado de daño No para préstamo Biblioteca de origen Biblioteca actual Ubicación en estantería Fecha de adquisición Total de préstamos Signatura topográfica completa Código de barras Visto por última vez Precio de reemplazo Tipo de ítem Koha
    Clasificación Decimal Dewey     Biblioteca LadoV Biblioteca LadoV   11/03/2015   306 Y94r 000540 11/03/2015 11/03/2015 Material 01